[Event "NED-ch 1983"]
[Site "Hilversum"]
[Date "1983.??.??"]
[Round "6"]
[White "Cuijpers, Frans"]
[Black "Van der Vliet, Fred"]
[Result "1-0"]
[WhiteElo "2255"]
[BlackElo "2370"]
[PlyCount "153"]
[EventDate "1983.04.??"]
[Source "ChessBase"]
[SourceDate "1999.07.01"]

1. e4 c5 2. Ne2 d6 3. Nbc3 e6 4. d4 cxd4 5. Nxd4 a6 6. a4 b6 7. f4 Bb7 8. Be2
Nc6 9. Be3 Nf6 10. O-O Be7 11. Bf3 Qc7 12. g4 Nd7 13. g5 Nxd4 14. Qxd4 e5 15.
Qd2 exf4 16. Bxf4 Ne5 17. Nd5 Bxd5 18. exd5 Rc8 19. Be4 Qc4 20. Rae1 O-O 21. b3
Qc5+ 22. Be3 Bxg5 23. Bxc5 Bxd2 24. Bxd6 Bxe1 25. Bxf8 Kxf8 26. Rxe1 a5 27. c4
g6 28. Kf2 f6 29. Ke3 Ke7 30. Kd4 Kd6 31. Rf1 Nd7 32. Rb1 Ne5 33. Bd3 Ra8 34.
b4 axb4 35. Rxb4 Nd7 36. Bc2 Kc7 37. Rb1 Nc5 38. Re1 Kd6 39. Rb1 Kc7 40. Re1
Kd6 41. h4 f5 42. h5 gxh5 43. Rb1 Ra6 44. Rh1 Nxa4 45. Rxh5 Nc5 46. Rh6+ Kc7
47. Rxh7+ Kd6 48. Rh6+ Kc7 49. Bxf5 Ra8 50. Rc6+ Kb7 51. Ke5 Re8+ 52. Kd6 Rd8+
53. Ke7 Rg8 54. Rg6 Rh8 55. Rg7 Rh4 56. Bg4 Rh1 57. Kd6+ Ka6 58. Bd7 Rh6+ 59.
Kc7 Ka5 60. Bb5 Ne4 61. Re7 Nd6 62. Re6 Nxb5+ 63. cxb5 Rh7+ 64. Kc6 Rh1 65. d6
Rc1+ 66. Kb7 Rd1 67. Kc7 Rc1+ 68. Kd8 Kxb5 69. d7 Ka5 70. Ke7 Rc7 71. Kd6 Rxd7+
72. Kxd7 b5 73. Kc6 b4 74. Kc5 b3 75. Re8 Ka4 76. Kc4 b2 77. Ra8# 1-0

[Event "NED-ch 1983"]
[Site "Hilversum"]
[Date "1983.??.??"]
[Round "6"]
[White "Ligterink, Gert"]
[Black "Langeweg, Kick"]
[Result "1/2-1/2"]
[WhiteElo "2440"]
[BlackElo "2395"]
[PlyCount "62"]
[EventDate "1983.04.??"]
[Source "ChessBase"]
[SourceDate "1999.07.01"]

1. d4 Nf6 2. c4 e6 3. Nf3 b6 4. a3 Bb7 5. Nc3 d5 6. cxd5 exd5 7. g3 Be7 8. Qa4+
c6 9. Bg2 O-O 10. O-O Nbd7 11. Rd1 Re8 12. Bf4 Nh5 13. Bd2 Bd6 14. Nh4 Ndf6 15.
b4 a6 16. Rac1 g6 17. Qc2 Qe7 18. Nf3 b5 19. Ng5 a5 20. bxa5 Bxa3 21. Ra1 Bb4
22. Re1 Rxa5 23. Rab1 Bxc3 24. Bxc3 Ra4 25. e4 Qd8 26. exd5 Rxe1+ 27. Rxe1 Nxd5
28. Bxd5 cxd5 29. Qd2 Bc8 30. Bb4 h6 31. Nf3 Be6 1/2-1/2

[Event "NED-ch 1983"]
[Site "Hilversum"]
[Date "1983.??.??"]
[Round "6"]
[White "Ree, Hans"]
[Black "Timman, Jan"]
[Result "1/2-1/2"]
[WhiteElo "2500"]
[BlackElo "2605"]
[PlyCount "49"]
[EventDate "1983.04.??"]
[Source "ChessBase"]
[SourceDate "1999.07.01"]

1. d4 Nf6 2. c4 e6 3. Nf3 Bb4+ 4. Nbd2 c5 5. a3 Bxd2+ 6. Bxd2 cxd4 7. Nxd4 Nc6
8. Bc3 O-O 9. e3 Ne4 10. Rc1 Qb6 11. Qb3 Qxb3 12. Nxb3 b6 13. Nd2 Nxc3 14. Rxc3
a5 15. Be2 Ba6 16. Ne4 Ne7 17. Nd6 Nc8 18. Rd3 Nxd6 19. Rxd6 Rfc8 20. Rxd7 Bxc4
21. Bxc4 Rxc4 22. Ke2 Rc2+ 23. Rd2 Rac8 24. Rhd1 Kf8 25. Rxc2 1/2-1/2

[Event "NED-ch 1983"]
[Site "Hilversum"]
[Date "1983.??.??"]
[Round "6"]
[White "Timmerman, Gert"]
[Black "Bohm, Hans"]
[Result "0-1"]
[WhiteElo "2285"]
[BlackElo "2380"]
[PlyCount "76"]
[EventDate "1983.04.??"]
[Source "ChessBase"]
[SourceDate "1999.07.01"]

1. e4 e6 2. d4 d5 3. Nc3 Bb4 4. Nge2 Nf6 5. a3 Be7 6. e5 Nfd7 7. f4 g6 8. Be3
h5 9. Qd2 b6 10. g3 Nc6 11. Bg2 Na5 12. b3 Ba6 13. O-O c6 14. h3 Qc7 15. Rf2
O-O-O 16. Nc1 Kb8 17. Nd3 c5 18. Bf1 cxd4 19. Bxd4 Nc6 20. Ne2 Nc5 21. Bxc5
Bxc5 22. Nxc5 bxc5 23. b4 Bxe2 24. Bxe2 c4 25. c3 Ne7 26. Kh2 Nf5 27. a4 d4 28.
a5 Rd7 29. b5 Qc5 30. Rff1 h4 31. g4 Ng3 32. Rf3 Rhd8 33. Rxg3 hxg3+ 34. Kxg3
dxc3 35. Qe1 g5 36. Bf3 Rd3 37. fxg5 Re3 38. Qf2 Rdd3 0-1

[Event "NED-ch 1983"]
[Site "Hilversum"]
[Date "1983.??.??"]
[Round "6"]
[White "Van Wijgerden, Cor"]
[Black "Van der Wiel, John"]
[Result "1/2-1/2"]
[WhiteElo "2440"]
[BlackElo "2530"]
[PlyCount "99"]
[EventDate "1983.04.??"]
[Source "ChessBase"]
[SourceDate "1999.07.01"]

1. e4 c5 2. c3 d6 3. d4 Nf6 4. dxc5 Nc6 5. Bd3 dxc5 6. Qe2 Ne5 7. Bc2 c4 8. Nf3
Nd3+ 9. Bxd3 Qxd3 10. Nbd2 Qxe2+ 11. Kxe2 Bg4 12. e5 Nd7 13. Nxc4 Rc8 14. b3 b5
15. Na3 Rc5 16. e6 fxe6 17. Be3 Re5 18. h3 Bxf3+ 19. Kxf3 a6 20. g4 Rd5 21. Nc2
g6 22. a4 Bg7 23. axb5 Rxb5 24. b4 O-O+ 25. Kg2 Bxc3 26. Rxa6 Bxb4 27. Rb1 Rfb8
28. Ra7 Nf6 29. Rxb4 Rxb4 30. Nxb4 Rxb4 31. Rxe7 Nd5 32. Rxe6 Nf4+ 33. Bxf4
Rxf4 34. Re7 Ra4 35. g5 Rh4 36. Kg3 Rh5 37. f4 h6 38. Kg4 hxg5 39. fxg5 Kf8 40.
Ra7 Kg8 41. Ra3 Kg7 42. Rb3 Kf7 43. Rd3 Kg7 44. h4 Kf7 45. Rd7+ Kg8 46. Kg3 Kf8
47. Rd4 Kf7 48. Kg4 Kg7 49. Kf3 Kf7 50. Ke3 1/2-1/2

[Event "NED-ch 1983"]
[Site "Hilversum"]
[Date "1983.??.??"]
[Round "6"]
[White "Van der Sterren, Paul"]
[Black "Van Scheltinga, Theo"]
[Result "1/2-1/2"]
[WhiteElo "2460"]
[BlackElo "2325"]
[PlyCount "91"]
[EventDate "1983.04.??"]
[Source "ChessBase"]
[SourceDate "1999.07.01"]

1. d4 Nf6 2. c4 e6 3. Nf3 Bb4+ 4. Bd2 Qe7 5. g3 Nc6 6. Bg2 Bxd2+ 7. Nbxd2 d6 8.
O-O e5 9. d5 Nb8 10. e4 a5 11. Qc2 b6 12. Qc3 O-O 13. Ne1 Nbd7 14. Nd3 Nc5 15.
Nxc5 bxc5 16. f4 Re8 17. Rae1 a4 18. Nf3 Nh5 19. fxe5 dxe5 20. Re3 Bg4 21. Ne1
Nf6 22. Nd3 Nd7 23. Ree1 Nb6 24. h3 Bc8 25. Rc1 f6 26. h4 Qd6 27. b4 axb3 28.
axb3 Bg4 29. Qb2 h5 30. Ra1 Nd7 31. Rxa8 Rxa8 32. Ra1 Rxa1+ 33. Qxa1 Qb6 34.
Qa4 Kf8 35. Kh2 Ke7 36. Bh3 Bxh3 37. Kxh3 g5 38. hxg5 fxg5 39. Qa2 Qf6 40. Qe2
g4+ 41. Kg2 Qg5 42. Qf2 Qf6 43. Qe3 Kd8 44. Kg1 Kc8 45. Kh2 Qf1 46. Nc1 1/2-1/2

[Event "NED-ch 1983"]
[Site "Hilversum"]
[Date "1983.??.??"]
[Round "7"]
[White "Bohm, Hans"]
[Black "Van Wijgerden, Cor"]
[Result "1/2-1/2"]
[WhiteElo "2380"]
[BlackElo "2440"]
[PlyCount "88"]
[EventDate "1983.04.??"]
[Source "ChessBase"]
[SourceDate "1999.07.01"]

1. d4 d6 2. Nf3 g6 3. g3 Bg7 4. Bg2 f5 5. O-O Nf6 6. c4 O-O 7. Nc3 c6 8. b3 a5
9. Ba3 Na6 10. Rc1 Nc7 11. Qd3 Rb8 12. d5 c5 13. Bb2 Ne4 14. Ba1 Nxc3 15. Bxc3
Bxc3 16. Rxc3 b5 17. Qe3 bxc4 18. bxc4 Bd7 19. Qh6 Rf7 20. Ng5 Rg7 21. e4 Rb2
22. a3 Qf8 23. Rf3 Qf6 24. Bh3 Ne8 25. Rf4 Qe5 26. Nf3 Qf6 27. Ng5 Qe5 28. exf5
gxf5 29. Nf3 Qf6 30. Qxf6 exf6 31. Re1 Kf8 32. Bxf5 Bxf5 33. Rxf5 Rb3 34. Re3
Rxe3 35. fxe3 Re7 36. Kf2 Rb7 37. e4 Rb2+ 38. Ke1 Rb3 39. a4 Ra3 40. Nd2 Rxa4
41. Ke2 Ra1 42. Rf1 Rxf1 43. Nxf1 Nc7 44. Kd3 Na8 1/2-1/2

[Event "NED-ch 1983"]
[Site "Hilversum"]
[Date "1983.??.??"]
[Round "7"]
[White "Langeweg, Kick"]
[Black "Cuijpers, Frans"]
[Result "1/2-1/2"]
[WhiteElo "2395"]
[BlackElo "2255"]
[PlyCount "29"]
[EventDate "1983.04.??"]
[Source "ChessBase"]
[SourceDate "1999.07.01"]

1. d4 Nf6 2. c4 c6 3. Nc3 d5 4. Nf3 e6 5. Bg5 h6 6. Bxf6 Qxf6 7. Qb3 dxc4 8.
Qxc4 Nd7 9. Rd1 g6 10. g3 Bg7 11. Bh3 O-O 12. O-O Qe7 13. Rd2 Nb6 14. Qb3 e5
15. Bxc8 1/2-1/2

[Event "NED-ch 1983"]
[Site "Hilversum"]
[Date "1983.??.??"]
[Round "7"]
[White "Timman, Jan"]
[Black "Van der Sterren, Paul"]
[Result "1-0"]
[WhiteElo "2605"]
[BlackElo "2460"]
[PlyCount "123"]
[EventDate "1983.04.??"]
[Source "ChessBase"]
[SourceDate "1999.07.01"]

1. e4 e5 2. Nf3 Nf6 3. Nxe5 d6 4. Nf3 Nxe4 5. d4 d5 6. Bd3 Be7 7. O-O Nc6 8.
Re1 Bf5 9. c4 O-O 10. Nc3 Nxc3 11. bxc3 Bxd3 12. Qxd3 dxc4 13. Qxc4 Bd6 14. Rb1
Re8 15. Be3 Qf6 16. Qa4 b6 17. Bg5 Qg6 18. g3 Ne7 19. Bxe7 Rxe7 20. Kg2 h6 21.
Rxe7 Bxe7 22. Re1 Qd6 23. Qa6 Bf8 24. Qb7 Rd8 25. Ne5 Qd5+ 26. Qxd5 Rxd5 27.
Nc6 g6 28. Re7 Ra5 29. Rxc7 Rxa2 30. Nxa7 Rb2 31. c4 Bb4 32. Rc6 Be1 33. Rf6
Kg7 34. Rf3 Rc2 35. Nb5 Rxc4 36. Nd6 Rxd4 37. Rxf7+ Kg8 38. Rf6 Kh7 39. Re6 Bb4
40. Ne4 Kg7 41. Kf3 Bc5 42. g4 Rd7 43. h4 Re7 44. Rc6 Rf7+ 45. Kg3 Bd4 46. f4
Bc5 47. h5 gxh5 48. gxh5 Be3 49. Rg6+ Kf8 50. Nf6 Rg7 51. Nd5 Bd4 52. Kf3 Rxg6
53. hxg6 Kg7 54. Ke4 Bc5 55. f5 h5 56. Nf4 h4 57. Ne6+ Kf6 58. g7 Kf7 59. f6 h3
60. Ng5+ Kg8 61. Kf5 Bd4 62. Nxh3 1-0

[Event "NED-ch 1983"]
[Site "Hilversum"]
[Date "1983.??.??"]
[Round "7"]
[White "Van Scheltinga, Theo"]
[Black "Timmerman, Gert"]
[Result "0-1"]
[WhiteElo "2325"]
[BlackElo "2285"]
[PlyCount "56"]
[EventDate "1983.04.??"]
[Source "ChessBase"]
[SourceDate "1999.07.01"]

1. Nf3 f5 2. d4 Nf6 3. g3 e6 4. Bg2 d5 5. O-O Be7 6. c4 O-O 7. b3 b6 8. Ba3
Bxa3 9. Nxa3 Qe7 10. Qc1 Bb7 11. Qb2 Nbd7 12. b4 Ne4 13. Rac1 Rfc8 14. c5 c6
15. Nc2 Ba6 16. Ne3 bxc5 17. bxc5 Rcb8 18. Qc2 Qd8 19. Ne5 Nxe5 20. dxe5 Qa5
21. Bxe4 fxe4 22. Rb1 d4 23. Nc4 Qxc5 24. Rbc1 Rb4 25. Nd6 Qxc2 26. Rxc2 d3 27.
Rxc6 dxe2 28. Rxa6 Rd4 0-1

[Event "NED-ch 1983"]
[Site "Hilversum"]
[Date "1983.??.??"]
[Round "7"]
[White "Van der Vliet, Fred"]
[Black "Ree, Hans"]
[Result "0-1"]
[WhiteElo "2370"]
[BlackElo "2500"]
[PlyCount "64"]
[EventDate "1983.04.??"]
[Source "ChessBase"]
[SourceDate "1999.07.01"]

1. c4 e5 2. Nc3 Nc6 3. e3 g6 4. d4 d6 5. dxe5 dxe5 6. Qxd8+ Nxd8 7. b3 Bg7 8.
Ba3 Ne6 9. O-O-O Bd7 10. Be2 f5 11. Bb2 Nh6 12. Nf3 O-O-O 13. h3 Nf7 14. Rhg1
h5 15. Nd5 Rde8 16. g4 hxg4 17. hxg4 c6 18. gxf5 gxf5 19. Nb4 Reg8 20. Kb1 e4
21. Bxg7 Rxg7 22. Rxg7 Nxg7 23. Ng1 Ne5 24. f4 Ng4 25. Nc2 Rh2 26. Kb2 Nh5 27.
Kc3 Nf2 28. Re1 Ng3 29. Nd4 c5 30. Nc2 Rg2 31. Kd2 Nd3 32. Rd1 Be8 0-1

[Event "NED-ch 1983"]
[Site "Hilversum"]
[Date "1983.??.??"]
[Round "8"]
[White "Cuijpers, Frans"]
[Black "Van der Wiel, John"]
[Result "1/2-1/2"]
[WhiteElo "2255"]
[BlackElo "2530"]
[PlyCount "99"]
[EventDate "1983.04.??"]
[Source "ChessBase"]
[SourceDate "1999.07.01"]

1. d4 Nf6 2. Nc3 d5 3. Bg5 c5 4. Bxf6 gxf6 5. e3 Nc6 6. Qh5 cxd4 7. exd4 e6 8.
O-O-O Bd7 9. Nge2 Ne7 10. g4 Qc7 11. f4 b5 12. f5 b4 13. fxe6 Bxe6 14. Na4 Rc8
15. Nc5 Ng6 16. Kb1 Bxc5 17. dxc5 Qe5 18. Nd4 Qxh5 19. gxh5 Ne5 20. Bb5+ Ke7
21. c6 Rcg8 22. Rhf1 Rg5 23. Ba6 Bc8 24. Bxc8 Rxc8 25. Nf5+ Ke6 26. Nd4+ Ke7
27. h4 Rxh5 28. Nf5+ Kf8 29. Rxd5 Nxc6 30. Rd6 Ne5 31. Rxf6 Rc6 32. Rd1 Rc8 33.
Rd5 Re8 34. b3 a5 35. a3 bxa3 36. Ka2 Ng4 37. Rfd6 f6 38. Rxa5 Re5 39. Rd8+ Kf7
40. Ra7+ Kg6 41. Nd4 Rh6 42. b4 Ne3 43. Rxa3 Rd5 44. Raa8 Rxh4 45. c3 Nd1 46.
Kb3 Nxc3 47. Kxc3 Rhxd4 48. Rxd5 Rxd5 49. Kc4 Rd1 50. b5 1/2-1/2

[Event "NED-ch 1983"]
[Site "Hilversum"]
[Date "1983.??.??"]
[Round "8"]
[White "Ligterink, Gert"]
[Black "Bohm, Hans"]
[Result "1/2-1/2"]
[WhiteElo "2440"]
[BlackElo "2380"]
[PlyCount "128"]
[EventDate "1983.04.??"]
[Source "ChessBase"]
[SourceDate "1999.07.01"]

1. d4 e6 2. e4 d5 3. Nc3 Bb4 4. Nge2 Nf6 5. e5 Nfd7 6. a3 Be7 7. f4 g6 8. g4 h5
9. f5 hxg4 10. fxg6 fxg6 11. Ng3 c5 12. Qxg4 Nf8 13. Bb5+ Bd7 14. O-O Qb6 15.
Bd3 cxd4 16. Nce2 Nc6 17. Bxg6+ Nxg6 18. Qxg6+ Kd8 19. Nf4 d3+ 20. Kh1 Qd4 21.
c3 Qxe5 22. Nxd3 Qd6 23. Qg7 Kc7 24. Bf4 Rag8 25. Bxd6+ Bxd6 26. Rf7 Rxg7 27.
Rxg7 Ne5 28. Nxe5 Bxe5 29. Rg5 Bf4 30. Rh5 Rg8 31. Rf1 e5 32. Rh7 Kd6 33. Kg2
Bc6 34. Kf2 a5 35. Nf5+ Kc5 36. Ne7 Rf8 37. Nxc6 bxc6 38. Ke1 Kc4 39. Kd1 Rg8
40. Rf2 Be3 41. Re2 Kd3 42. Rh3 d4 43. cxd4 exd4 44. Rd2+ Ke4 45. Rh4+ Kd5 46.
Re2 c5 47. Rxe3 dxe3 48. Ke2 Rg2+ 49. Kxe3 Rxb2 50. Ra4 Rxh2 51. Kd3 c4+ 52.
Kc3 Rh3+ 53. Kc2 Kd4 54. Rxa5 Rh2+ 55. Kb1 Kc3 56. Rg5 Kb3 57. Rb5+ Kc3 58. Rg5
Rh1+ 59. Ka2 Kc2 60. Rg2+ Kc1 61. a4 Rh3 62. a5 Rd3 63. a6 Rd6 64. Ka3 Rxa6+
1/2-1/2

[Event "NED-ch 1983"]
[Site "Hilversum"]
[Date "1983.??.??"]
[Round "8"]
[White "Ree, Hans"]
[Black "Langeweg, Kick"]
[Result "1/2-1/2"]
[WhiteElo "2500"]
[BlackElo "2395"]
[PlyCount "31"]
[EventDate "1983.04.??"]
[Source "ChessBase"]
[SourceDate "1999.07.01"]

1. d4 Nf6 2. c4 e6 3. Nf3 b6 4. Nc3 Bb7 5. e3 Bb4 6. Bd3 O-O 7. O-O c5 8. Na4
cxd4 9. exd4 Re8 10. c5 bxc5 11. a3 c4 12. Bxh7+ Nxh7 13. axb4 Bxf3 14. Qxf3
Nc6 15. d5 Nxb4 16. dxe6 1/2-1/2

[Event "NED-ch 1983"]
[Site "Hilversum"]
[Date "1983.??.??"]
[Round "8"]
[White "Timman, Jan"]
[Black "Van der Vliet, Fred"]
[Result "1-0"]
[WhiteElo "2605"]
[BlackElo "2370"]
[PlyCount "79"]
[EventDate "1983.04.??"]
[Source "ChessBase"]
[SourceDate "1999.07.01"]

1. Nf3 Nf6 2. c4 e6 3. d4 b6 4. Nc3 Bb4 5. e3 Bb7 6. Bd3 O-O 7. O-O d5 8. cxd5
exd5 9. a3 Bd6 10. b4 Nbd7 11. Qb3 c6 12. Re1 Re8 13. Bb2 Rb8 14. Qc2 Rc8 15.
Rad1 a6 16. Bf5 Rc7 17. Na4 h6 18. Ne5 b5 19. Nxd7 Nxd7 20. Nc5 Nxc5 21. dxc5
Be5 22. Bxe5 Rxe5 23. e4 Qe8 24. Qc3 Ree7 25. exd5 cxd5 26. Kf1 Bc6 27. h4 g6
28. Qg3 Ra7 29. h5 g5 30. Bc2 Rxe1+ 31. Rxe1 Re7 32. Rxe7 Qxe7 33. Qc3 Qe6 34.
Qd4 Qe7 35. Bf5 Bb7 36. f3 f6 37. f4 gxf4 38. Qxf4 Qe5 39. Qxe5 fxe5 40. Bd7
1-0

[Event "NED-ch 1983"]
[Site "Hilversum"]
[Date "1983.??.??"]
[Round "8"]
[White "Van Wijgerden, Cor"]
[Black "Van Scheltinga, Theo"]
[Result "1-0"]
[WhiteElo "2440"]
[BlackElo "2325"]
[PlyCount "69"]
[EventDate "1983.04.??"]
[Source "ChessBase"]
[SourceDate "1999.07.01"]

1. e4 c5 2. c3 Nf6 3. e5 Nd5 4. d4 cxd4 5. cxd4 Nc6 6. Bc4 Nb6 7. Bb3 d5 8. Bg5
Bf5 9. Ne2 h6 10. Bh4 Qd7 11. Nbc3 e6 12. Ng3 Bg6 13. O-O Rc8 14. Kh1 Na5 15.
f4 Nac4 16. Qe2 Bb4 17. Rf3 O-O 18. Raf1 a5 19. f5 exf5 20. Nxf5 Bxf5 21. Rxf5
Nxb2 22. Ne4 dxe4 23. Rxf7 Rxf7 24. Bxf7+ Kh8 25. Qxb2 Qg4 26. Bg3 e3 27. a3
Na4 28. Qb3 e2 29. Rg1 Qxd4 30. axb4 Nb2 31. Bh5 a4 32. Qe6 Qxg1+ 33. Kxg1 Rc1+
34. Be1 Rxe1+ 35. Kf2 1-0

[Event "NED-ch 1983"]
[Site "Hilversum"]
[Date "1983.??.??"]
[Round "8"]
[White "Van der Sterren, Paul"]
[Black "Timmerman, Gert"]
[Result "1-0"]
[WhiteElo "2460"]
[BlackElo "2285"]
[PlyCount "81"]
[EventDate "1983.04.??"]
[Source "ChessBase"]
[SourceDate "1999.07.01"]

1. e4 e5 2. Nf3 Nc6 3. Bb5 f5 4. Nc3 fxe4 5. Nxe4 Nf6 6. Qe2 d5 7. Nxf6+ gxf6
8. d4 Bg7 9. dxe5 O-O 10. e6 Re8 11. O-O Bxe6 12. Bxc6 bxc6 13. Nd4 Bd7 14. Qf3
f5 15. Nb3 Qe7 16. c3 Kh8 17. Bf4 Qe2 18. Qxe2 Rxe2 19. Nc5 Be8 20. Nd3 c5 21.
Rfe1 Rxe1+ 22. Rxe1 c4 23. Nc5 c6 24. Be5 Bxe5 25. Rxe5 Bg6 26. f3 Rb8 27. Re2
Rb5 28. Ne6 Rb7 29. Kf2 Kg8 30. Kg3 Re7 31. Nd4 Rxe2 32. Nxe2 Kf7 33. Nd4 c5
34. Nc6 a6 35. Nd8+ Kf6 36. Kf4 d4 37. Nb7 d3 38. Ke3 f4+ 39. Kd2 Ke5 40. Nxc5
a5 41. b3 1-0

[Event "NED-ch 1983"]
[Site "Hilversum"]
[Date "1983.??.??"]
[Round "9"]
[White "Bohm, Hans"]
[Black "Cuijpers, Frans"]
[Result "1/2-1/2"]
[WhiteElo "2380"]
[BlackElo "2255"]
[PlyCount "91"]
[EventDate "1983.04.??"]
[Source "ChessBase"]
[SourceDate "1999.07.01"]

1. d4 Nf6 2. c4 c6 3. Nf3 d5 4. cxd5 cxd5 5. Nc3 Nc6 6. Bf4 e6 7. e3 Bd6 8. Bd3
O-O 9. O-O Bxf4 10. exf4 b6 11. Rc1 Bb7 12. Qe2 Rc8 13. Rfd1 Qe7 14. Bb1 Rfd8
15. Ne5 g6 16. g3 Na5 17. Bd3 Nc4 18. b3 Nd6 19. f3 Nf5 20. Bxf5 exf5 21. Ng4
Ne4 22. Nf2 Qb4 23. fxe4 Rxc3 24. Rxc3 Qxc3 25. exf5 gxf5 26. Qe7 Qc8 27. Nd3
Rd7 28. Qg5+ Kf8 29. Qh6+ Kg8 30. Qg5+ Kf8 31. Re1 Rc7 32. Qh6+ Kg8 33. Qg6+
Kf8 34. Qf6 Kg8 35. Ne5 Ba6 36. Qg5+ Kf8 37. Qh6+ Kg8 38. Qg5+ Kf8 39. Qf6 Kg8
40. Kg2 Rc2+ 41. Kh3 Qe6 42. Qg5+ Kf8 43. Nd3 Qd6 44. Ne5 Qe6 45. Qd8+ Kg7 46.
Qg5+ 1/2-1/2

[Event "NED-ch 1983"]
[Site "Hilversum"]
[Date "1983.??.??"]
[Round "9"]
[White "Langeweg, Kick"]
[Black "Timman, Jan"]
[Result "1/2-1/2"]
[WhiteElo "2395"]
[BlackElo "2605"]
[PlyCount "81"]
[EventDate "1983.04.??"]
[Source "ChessBase"]
[SourceDate "1999.07.01"]

1. d4 e6 2. c4 Bb4+ 3. Bd2 a5 4. Nf3 Nf6 5. Nc3 b6 6. e3 Bb7 7. Bd3 O-O 8. Qc2
d5 9. cxd5 exd5 10. O-O Na6 11. a3 Bd6 12. e4 dxe4 13. Nxe4 Nxe4 14. Bxe4 Bxe4
15. Qxe4 Re8 16. Qc2 h6 17. Rfe1 Qd7 18. Qc4 b5 19. Qc2 a4 20. h3 Re6 21. Rad1
Rf6 22. Ne5 Bxe5 23. dxe5 Qc6 24. Bc3 Rf4 25. e6 Re8 26. Qd2 Rf5 27. g4 Rf3 28.
Qd4 Rf6 29. Qd7 Rexe6 30. Qd8+ Kh7 31. Bxf6 Rxf6 32. Qd3+ g6 33. Qd4 Qb6 34.
Qxb6 Rxb6 35. Rd7 Rf6 36. Re8 Kg7 37. Kg2 c6 38. h4 Nc5 39. Rdd8 Rf4 40. Kg3 g5
41. hxg5 1/2-1/2

[Event "NED-ch 1983"]
[Site "Hilversum"]
[Date "1983.??.??"]
[Round "9"]
[White "Timmerman, Gert"]
[Black "Van Wijgerden, Cor"]
[Result "1/2-1/2"]
[WhiteElo "2285"]
[BlackElo "2440"]
[PlyCount "151"]
[EventDate "1983.04.??"]
[Source "ChessBase"]
[SourceDate "1999.07.01"]

1. e4 g6 2. d4 Bg7 3. Nc3 d6 4. Bc4 Nf6 5. Qe2 Nc6 6. e5 Ng4 7. e6 d5 8. Bxd5
Nxd4 9. Qxg4 Nxc2+ 10. Ke2 Nxa1 11. Nf3 c6 12. Bc4 fxe6 13. Qe4 Qb6 14. Rd1 Rf8
15. Kf1 e5 16. Qh4 Bf5 17. Qxh7 Qb4 18. Bg8 Bc2 19. Qxg7 Bxd1 20. Qxg6+ Kd7 21.
Be6+ Kc7 22. Nxd1 Rf6 23. Qg4 Qd6 24. Ng5 Nc2 25. Bc4 Qb4 26. Nc3 Nd4 27. Bd3
Rd8 28. Qg3 Qa5 29. Nge4 Rff8 30. Nd2 Rg8 31. Qh4 Qb4 32. Qe4 Qc5 33. Nc4 b5
34. Qxe5+ Qxe5 35. Nxe5 Ne6 36. Be2 b4 37. Ne4 Rd5 38. Nf3 Rg4 39. Ng3 Rc5 40.
Be3 Rc2 41. h3 Rg8 42. Ne1 Rxb2 43. Bc4 Kd7 44. Ne4 Ra8 45. Nd3 Rb1+ 46. Ke2
Nf8 47. Nec5+ Kc7 48. Na6+ Kb7 49. Naxb4 Ng6 50. g3 a5 51. Nc5+ Kc7 52. Nbd3 a4
53. h4 Rh1 54. Bf7 Nf8 55. h5 Nh7 56. Bf4+ Kb6 57. g4 Nf6 58. Be6 Nd5 59. Bd2
Ra1 60. Nd7+ Kc7 61. Nc1 Kd6 62. Bxd5 cxd5 63. Nb6 Ra6 64. Nc8+ Ke6 65. Nd3 Rc6
66. Na7 Rc4 67. h6 Rxg4 68. Kf3 Rh4 69. Nb4 Rd1 70. Kg3 Rhh1 71. Bf4 Kf5 72.
Nac6 Rdg1+ 73. Kf3 Rh3+ 74. Bg3 e6 75. Ne7+ Kg5 76. Nd3 1/2-1/2

[Event "NED-ch 1983"]
[Site "Hilversum"]
[Date "1983.??.??"]
[Round "9"]
[White "Van Scheltinga, Theo"]
[Black "Ligterink, Gert"]
[Result "1-0"]
[WhiteElo "2325"]
[BlackElo "2440"]
[PlyCount "91"]
[EventDate "1983.04.??"]
[Source "ChessBase"]
[SourceDate "1999.07.01"]

1. Nf3 c5 2. c4 Nf6 3. Nc3 b6 4. g3 Bb7 5. Bg2 e6 6. O-O Be7 7. d4 cxd4 8. Qxd4
d6 9. b3 a6 10. Bb2 O-O 11. Rfe1 Nbd7 12. e4 Qc7 13. Rad1 Rad8 14. h3 Qb8 15.
Qe3 b5 16. cxb5 axb5 17. Nd4 b4 18. Na4 d5 19. exd5 Bxd5 20. Nf5 exf5 21. Bxd5
Bd6 22. Qg5 f4 23. g4 Rfe8 24. Rxe8+ Rxe8 25. Bc6 Ne5 26. Qxf4 Rc8 27. Bg2 Nd3
28. Qf5 Nxb2 29. Nxb2 Bh2+ 30. Kh1 h6 31. Nc4 Bf4 32. h4 Re8 33. g5 hxg5 34.
hxg5 Nh7 35. g6 fxg6 36. Qxg6 Nf6 37. Bf3 Re7 38. Kg2 Ra7 39. Re1 Qd8 40. Qf5
Bb8 41. Qe6+ Rf7 42. Ne5 Bxe5 43. Rxe5 Qd3 44. Rf5 Kf8 45. Qc8+ Ne8 46. Bc6 1-0

[Event "NED-ch 1983"]
[Site "Hilversum"]
[Date "1983.??.??"]
[Round "9"]
[White "Van der Vliet, Fred"]
[Black "Van der Sterren, Paul"]
[Result "0-1"]
[WhiteElo "2370"]
[BlackElo "2460"]
[PlyCount "122"]
[EventDate "1983.04.??"]
[Source "ChessBase"]
[SourceDate "1999.07.01"]

1. d4 Nf6 2. c4 e6 3. Nf3 d5 4. g3 dxc4 5. Bg2 a6 6. O-O b5 7. Ne5 Nd5 8. Nc3
Bb7 9. Nxd5 exd5 10. e4 dxe4 11. Qh5 g6 12. Nxg6 fxg6 13. Qe5+ Qe7 14. Qxh8 Nd7
15. h4 O-O-O 16. Bh3 Qf7 17. Bg5 Re8 18. Qf6 Qd5 19. Be3 Kb8 20. Qg5 Nb6 21. h5
gxh5 22. Qxd5 Bxd5 23. Bf5 Na4 24. b3 Nc3 25. Kg2 cxb3 26. axb3 Kb7 27. Rh1
Bxb3 28. Rxh5 Bd5 29. Rxh7 b4 30. Kh3 b3 31. Bc1 Nd1 32. Bf4 Nxf2+ 33. Kg2 e3+
34. Kg1 Be7 35. Bxe3 Ne4 36. Bf4 Ng5 37. Rg7 Nf3+ 38. Kf2 Nxd4 39. Bg6 Ne6 40.
Bxe8 Nxg7 41. Bg6 Ne6 42. Be5 Kb6 43. Bc3 Bc5+ 44. Ke2 Nd4+ 45. Kd2 Nf3+ 46.
Ke2 Bd4 47. Kd3 c5 48. Bxd4 Nxd4 49. Kc3 Nb5+ 50. Kb2 c4 51. Rc1 Kc5 52. Be8
Nd6 53. Bg6 Kb4 54. Rd1 c3+ 55. Kc1 Kc5 56. Bh7 Nc4 57. Rd3 b2+ 58. Kc2 Kb4 59.
Rxd5 Ne3+ 60. Kb1 Nxd5 61. g4 Ne3 0-1

[Event "NED-ch 1983"]
[Site "Hilversum"]
[Date "1983.??.??"]
[Round "9"]
[White "Van der Wiel, John"]
[Black "Ree, Hans"]
[Result "1-0"]
[WhiteElo "2530"]
[BlackElo "2500"]
[PlyCount "79"]
[EventDate "1983.04.??"]
[Source "ChessBase"]
[SourceDate "1999.07.01"]

1. e4 e5 2. Nf3 Nc6 3. Bb5 g6 4. d4 exd4 5. Bg5 f6 6. Bh4 Bg7 7. O-O Nge7 8.
Bc4 Na5 9. Qxd4 Nec6 10. Qd5 Nxc4 11. Qxc4 d6 12. Nc3 Bg4 13. Nd5 Bxf3 14. gxf3
Ne5 15. Qe2 c6 16. Ne3 Bh6 17. Ng2 Qe7 18. f4 Nd7 19. Rfe1 O-O-O 20. Rad1 Rhe8
21. Qe3 Kb8 22. Qa3 Bf8 23. f3 Nb6 24. Qb3 h5 25. a4 Nc8 26. Kh1 g5 27. Bf2 Qh7
28. Ne3 g4 29. Nf5 gxf3 30. Nd4 Qd7 31. f5 Re7 32. Qxf3 Rde8 33. Bh4 d5 34. Ne6
Nb6 35. exd5 cxd5 36. Bxf6 Rxe6 37. fxe6 Qxa4 38. e7 Bh6 39. Qxh5 Bf4 40. Rd4
1-0

[Event "NED-ch 1983"]
[Site "Hilversum"]
[Date "1983.??.??"]
[Round "10"]
[White "Cuijpers, Frans"]
[Black "Van Scheltinga, Theo"]
[Result "1/2-1/2"]
[WhiteElo "2255"]
[BlackElo "2325"]
[PlyCount "55"]
[EventDate "1983.04.??"]
[Source "ChessBase"]
[SourceDate "1999.07.01"]

1. e4 c5 2. Nf3 e6 3. d4 cxd4 4. Nxd4 a6 5. Nc3 Qc7 6. Be2 Bc5 7. O-O Ne7 8.
Kh1 Nbc6 9. Nb3 Ba7 10. f4 d6 11. f5 exf5 12. Bf4 Ne5 13. Bb5+ Kf8 14. Bd3 Bd7
15. exf5 f6 16. Be4 Bc6 17. Nd4 Bxd4 18. Qxd4 Bxe4 19. Qxe4 Kf7 20. Rad1 Rac8
21. Rf2 Qc6 22. Qe2 Rhd8 23. Ne4 Kg8 24. c3 b5 25. Nd2 Nd5 26. Nb3 Re8 27. Nd4
Qc4 28. Bxe5 1/2-1/2